|
|
|
|
| LEADER |
01848nam a22004935i 4500 |
| 001 |
978-3-540-72726-2 |
| 003 |
DE-He213 |
| 005 |
20151204144140.0 |
| 007 |
cr nn 008mamaa |
| 008 |
100301s2007 gw | s |||| 0|eng d |
| 020 |
|
|
|a 9783540727262
|9 978-3-540-72726-2
|
| 024 |
7 |
|
|a 10.1007/978-3-540-72726-2
|2 doi
|
| 040 |
|
|
|d GrThAP
|
| 050 |
|
4 |
|a QC801-809
|
| 072 |
|
7 |
|a PHVG
|2 bicssc
|
| 072 |
|
7 |
|a SCI032000
|2 bisacsh
|
| 082 |
0 |
4 |
|a 550
|2 23
|
| 082 |
0 |
4 |
|a 526.1
|2 23
|
| 100 |
1 |
|
|a Koch, Karl-Rudolf.
|e author.
|
| 245 |
1 |
0 |
|a Introduction to Bayesian Statistics
|h [electronic resource] /
|c by Karl-Rudolf Koch.
|
| 250 |
|
|
|a Second, updated and enlarged Edition.
|
| 264 |
|
1 |
|a Berlin, Heidelberg :
|b Springer Berlin Heidelberg,
|c 2007.
|
| 300 |
|
|
|a XII, 249 p.
|b online resource.
|
| 336 |
|
|
|a text
|b txt
|2 rdacontent
|
| 337 |
|
|
|a computer
|b c
|2 rdamedia
|
| 338 |
|
|
|a online resource
|b cr
|2 rdacarrier
|
| 347 |
|
|
|a text file
|b PDF
|2 rda
|
| 505 |
0 |
|
|a Probability -- Parameter Estimation, Confidence Regions and Hypothesis Testing -- Linear Model -- Special Models and Applications -- Numerical Methods.
|
| 650 |
|
0 |
|a Earth sciences.
|
| 650 |
|
0 |
|a Geophysics.
|
| 650 |
|
0 |
|a Image processing.
|
| 650 |
|
0 |
|a Geographical information systems.
|
| 650 |
|
0 |
|a Statistics.
|
| 650 |
1 |
4 |
|a Earth Sciences.
|
| 650 |
2 |
4 |
|a Geophysics/Geodesy.
|
| 650 |
2 |
4 |
|a Statistics for Engineering, Physics, Computer Science, Chemistry and Earth Sciences.
|
| 650 |
2 |
4 |
|a Geographical Information Systems/Cartography.
|
| 650 |
2 |
4 |
|a Image Processing and Computer Vision.
|
| 710 |
2 |
|
|a SpringerLink (Online service)
|
| 773 |
0 |
|
|t Springer eBooks
|
| 776 |
0 |
8 |
|i Printed edition:
|z 9783540727231
|
| 856 |
4 |
0 |
|u http://dx.doi.org/10.1007/978-3-540-72726-2
|z Full Text via HEAL-Link
|
| 912 |
|
|
|a ZDB-2-EES
|
| 950 |
|
|
|a Earth and Environmental Science (Springer-11646)
|